Central Library and Information Centre
Sibsagar Girls' College, Sivasagar : Assam

MATHEMATICAL ECONOMICS (Record no. 6043)

MARC details
000 -LEADER
fixed length control field 00421cam a2200181ua 4500
008 - FIXED-LENGTH DATA ELEMENTS--GENERAL INFORMATION
fixed length control field 131204n II |||gr||||Z||||||eng
040 ## - CATALOGING SOURCE
Original cataloging agency MAIN
041 ## - LANGUAGE CODE
-- English
082 ## - DEWEY DECIMAL CLASSIFICATION NUMBER
Classification number 330.1543 GOY
100 ## - MAIN ENTRY--PERSONAL NAME
Personal name GOYAL , J.K .
245 ## - TITLE STATEMENT
Title MATHEMATICAL ECONOMICS
260 ## - PUBLICATION, DISTRIBUTION, ETC.
Place of publication, distribution, etc. NEW DELHI
Name of publisher, distributor, etc. S.CHAND & COMPANY
300 ## - PHYSICAL DESCRIPTION
Dimensions 20CM.
700 ## - ADDED ENTRY--PERSONAL NAME
Personal name SAXENA , B.K .
942 ## - ADDED ENTRY ELEMENTS (KOHA)
Koha item type Books
653 ## - INDEX TERM--UNCONTROLLED
Uncontrolled term Mathematical Economics
Holdings
Withdrawn status Lost status Damaged status Not for loan Collection code Home library Current library Shelving location Date acquired Full call number Barcode Date last seen Copy number Price effective from Koha item type Public note
        TBECO Central Library and Information Centre Sibsagar Girls College Central Library and Information Centre Sibsagar Girls College MATHEMATICS BOOK RACK 02.05.1979 330.1543 GOY 05452 27.02.2020 1 27.02.2020 Books V


Sibsagar Girl's College © 2020. All rights reserved.
Powered by Koha.
Maintained by Abhijit Borpuzari.